| 000 | 00827cam a2200205 4500 | ||
|---|---|---|---|
| 001 | WB3621-09 | ||
| 008 | 000000n2000 000 0 eng u | ||
| 035 | _a(Sirsi) u106198 | ||
| 245 | _aNew build price rises slow | ||
| 260 | _c2000 | ||
| 490 |
_aEstates Gazette _v0021(27) 17 May 2000, 46(1) |
||
| 520 | _aAccording to the latest annual report "Residential development in London 2000" from London Residential Research (LLR), price rises in London's new build residential market are going to level off or decrease slightly. LLR say the affordability gap will slow prices on developments. | ||
| 590 | _aWB | ||
| 650 | _aNEW-BUILD HOUSES | ||
| 650 | _aLONDON RESIDENTIAL RESEARCH | ||
| 650 | _aFORECASTS | ||
| 650 | _aHOUSE PRICES | ||
| 690 | _aPROPERTY-RESIDENTIAL PROPERTY-RESIDENTIAL PROPERTY MARKET | ||
| 942 | _n0 | ||
| 999 |
_c63618 _d63618 |
||